00632cam a22001937a 4500001001000000003000500010005001700015008004100032010001000073011001000083035001000093040000900103100003200112245012300144260008900267300003000356650003200386650002000418000091620CHAP20220329142816.0040224d2002 mx d r 00110 spa d a88087 a89059 a99608 cCHAP00aAleman Suarez, Jorge Dario.10aManual de organización de la subdirección de planes y programas de estudio /cpor Jorge Darío Alemán Suárez. aChapingo, Méx. :bUACH. Unidad de Planeación, Organización y Métodos,c2002. a34 h. :bcuadros ; anexo.14aManuales de organización.14aOrganización.